[Event "Open Ciudad de San Sebastián 2018"]
[Site "San Sebastian ESP"]
[Date "2018.03.26"]
[Round "4.9"]
[White "Forgas Moreno, Yaniela"]
[Black "Muñoz Avila, Jose Luis"]
[Result "1-0"]
[WhiteElo "2245"]
[BlackElo "2055"]
[PlyCount "49"]
[EventDate "2018.03.24"]
[EventType "swiss"]
[EventRounds "9"]
[EventCountry "ESP"]
[SourceTitle "Ajedrez en Madrid"]
[Source "lmi"]
[SourceDate "2018.03.24"]
[SourceVersion "1"]
[SourceVersionDate "2018.04.01"]
[SourceQuality "1"]

1. e4 e5 2. Nf3 d6 3. d4 exd4 4. Nxd4 Nf6 5. Nc3 Be7 6. Be2 O-O 7. O-O Re8 8.
f4 c5 9. Nb3 Nc6 10. Bf3 Bf8 11. Re1 a5 12. a4 Nb4 13. Nb5 d5 14. e5 c4 15.
N3d4 Nd7 16. Be3 Nc5 17. Bf2 Bd7 18. f5 Qb6 19. Nc3 Bc6 20. e6 f6 21. Bh5 Re7
22. Re3 Rd8 23. Bf7+ Kh8 24. Rh3 h6 25. Qg4 1-0

[Event "Open Ciudad de San Sebastián 2018"]
[Site "San Sebastian ESP"]
[Date "2018.03.26"]
[Round "4.10"]
[White "Prieto Aranguren, Alain"]
[Black "Sanchez Ruesga, Carlos"]
[Result "1-0"]
[WhiteElo "2261"]
[BlackElo "1925"]
[PlyCount "57"]
[EventDate "2018.03.24"]
[EventType "swiss"]
[EventRounds "9"]
[EventCountry "ESP"]
[SourceTitle "Ajedrez en Madrid"]
[Source "lmi"]
[SourceDate "2018.03.24"]
[SourceVersion "1"]
[SourceVersionDate "2018.04.01"]
[SourceQuality "1"]

1. d4 Nf6 2. c4 c5 3. d5 b5 4. cxb5 a6 5. bxa6 g6 6. Nc3 Bg7 7. e4 O-O 8. Nf3
Qa5 9. Bd2 Bxa6 10. Be2 Qb4 11. e5 Ne4 12. a3 Nxc3 13. Bxc3 Qe4 14. h4 h6 15.
Nd2 Qxe2+ 16. Qxe2 Bxe2 17. Kxe2 Ra4 18. b3 Ra6 19. Nc4 d6 20. f4 Nd7 21. Kd2
Nb6 22. Nxb6 Rxb6 23. Kc2 g5 24. hxg5 hxg5 25. g3 Rc8 26. a4 dxe5 27. fxe5 Rcb8
28. Ra3 Rd8 29. Ba5 1-0

[Event "Open Ciudad de San Sebastián 2018"]
[Site "San Sebastian ESP"]
[Date "2018.03.26"]
[Round "4.11"]
[White "Urriza Iricibar, Pablo"]
[Black "Riekenbrauk, Joerg"]
[Result "1-0"]
[WhiteElo "2232"]
[BlackElo "1906"]
[PlyCount "41"]
[EventDate "2018.03.24"]
[EventType "swiss"]
[EventRounds "9"]
[EventCountry "ESP"]
[SourceTitle "Ajedrez en Madrid"]
[Source "lmi"]
[SourceDate "2018.03.24"]
[SourceVersion "1"]
[SourceVersionDate "2018.04.01"]
[SourceQuality "1"]

1. e4 Nf6 2. e5 Nd5 3. d4 d6 4. exd6 exd6 5. c4 Nb6 6. Nc3 Be7 7. Bd3 Nc6 8.
Nge2 Bg4 9. f3 Bh5 10. O-O Bg6 11. Bxg6 hxg6 12. b3 Qd7 13. d5 Ne5 14. a4 Qf5
15. Nb5 Kd7 16. a5 Nc8 17. f4 Ng4 18. Ng3 Rxh2 19. Nxf5 gxf5 20. Qd3 g6 21. Bb2
1-0

[Event "Open Ciudad de San Sebastián 2018"]
[Site "San Sebastian ESP"]
[Date "2018.03.26"]
[Round "4.12"]
[White "Cejudo Urdampilleta, Jose Manuel"]
[Black "Moreno Estebanez, Patxi"]
[Result "0-1"]
[WhiteElo "1874"]
[BlackElo "2190"]
[PlyCount "86"]
[EventDate "2018.03.24"]
[EventType "swiss"]
[EventRounds "9"]
[EventCountry "ESP"]
[SourceTitle "Ajedrez en Madrid"]
[Source "lmi"]
[SourceDate "2018.03.24"]
[SourceVersion "1"]
[SourceVersionDate "2018.04.01"]
[SourceQuality "1"]

1. d4 Nf6 2. Nf3 g6 3. e3 Bg7 4. Bd3 O-O 5. O-O d6 6. b3 Nbd7 7. Bb2 e5 8. Nbd2
Re8 9. Ng5 h6 10. Nge4 Nxe4 11. Nxe4 d5 12. Nd2 e4 13. Be2 c6 14. c4 Nf6 15.
cxd5 cxd5 16. f3 exf3 17. Rxf3 Bg4 18. Rg3 h5 19. Bxg4 Nxg4 20. Nf1 Bh6 21. Bc1
Rc8 22. Bd2 Rc6 23. Rc1 Rce6 24. Rc3 Nf6 25. Rc1 Ne4 26. Rf3 Qd7 27. Rc2 Rc8
28. Rxc8+ Qxc8 29. Ng3 Ng5 30. Rf2 h4 31. Nf1 h3 32. Ng3 hxg2 33. Rxg2 Nh3+ 34.
Kh1 Bxe3 35. Bxe3 Rxe3 36. Nf1 Rc3 37. Rd2 Rc1 38. Qf3 Ng5 39. Qe2 Qf5 40. Kg2
Qh3+ 41. Kg1 Nf3+ 42. Kf2 Qxf1+ 43. Ke3 Re1 0-1

[Event "Open Ciudad de San Sebastián 2018"]
[Site "San Sebastian ESP"]
[Date "2018.03.27"]
[Round "5.1"]
[White "Delgado Crespo, Mairelys"]
[Black "Martinez Duany, Lelys Stanley"]
[Result "0-1"]
[WhiteElo "2250"]
[BlackElo "2499"]
[PlyCount "152"]
[EventDate "2018.03.24"]
[EventType "swiss"]
[EventRounds "9"]
[EventCountry "ESP"]
[SourceTitle "Ajedrez en Madrid"]
[Source "lmi"]
[SourceDate "2018.03.24"]
[SourceVersion "1"]
[SourceVersionDate "2018.04.01"]
[SourceQuality "1"]

1. e4 c5 2. Nf3 Nc6 3. d4 cxd4 4. Nxd4 g6 5. Nc3 Bg7 6. Nb3 a5 7. a4 d6 8. Bc4
Nf6 9. O-O O-O 10. Re1 Nb4 11. Bf1 Bd7 12. Nb5 Bc6 13. c3 Na6 14. f3 Nd7 15.
Be3 b6 16. Bd4 Bh6 17. Be3 Bxe3+ 18. Rxe3 Nac5 19. Bc4 Ne5 20. Bd5 Bxb5 21.
Nxc5 Bc6 22. Nd3 Bxd5 23. exd5 Nc4 24. Re4 b5 25. b3 Nb6 26. Nb2 Qc7 27. Qd4
Rfc8 28. Rd1 bxa4 29. Nxa4 Nxa4 30. Qxa4 Qa7+ 31. Qd4 Rxc3 32. Rxe7 Qxd4+ 33.
Rxd4 Rxb3 34. Rf4 Rf8 35. Rf6 Rb6 36. Ra7 Kg7 37. Rf4 Rb5 38. Ra4 Rxd5 39.
R4xa5 Rxa5 40. Rxa5 Kf6 41. Kf2 Rb8 42. f4 h5 43. Kf3 Rb3+ 44. Ke4 Ke6 45. Ra6
f5+ 46. Kd4 Rb2 47. g3 Rxh2 48. Ke3 h4 49. gxh4 Rxh4 50. Ra8 Rh3+ 51. Ke2 Rg3
52. Ra7 g5 53. fxg5 Rxg5 54. Ke3 Rg3+ 55. Kf4 Rg4+ 56. Ke3 d5 57. Ra8 Re4+ 58.
Kf3 Ke5 59. Rf8 Rf4+ 60. Ke3 d4+ 61. Ke2 Re4+ 62. Kd2 Re3 63. Re8+ Kf4 64. Rd8
Ke4 65. Re8+ Kf3 66. Rd8 Re4 67. Rd5 f4 68. Kd3 Re8 69. Rxd4 Kg3 70. Rd7 f3 71.
Rg7+ Kh3 72. Kd2 f2 73. Rf7 Kg2 74. Rg7+ Kf1 75. Rg6 Re5 76. Rg7 Rd5+ 0-1

[Event "Open Ciudad de San Sebastián 2018"]
[Site "San Sebastian ESP"]
[Date "2018.03.27"]
[Round "5.2"]
[White "Venkatesh, Marani Rajendran"]
[Black "Forgas Moreno, Yaniela"]
[Result "1-0"]
[WhiteElo "2487"]
[BlackElo "2245"]
[PlyCount "91"]
[EventDate "2018.03.24"]
[EventType "swiss"]
[EventRounds "9"]
[EventCountry "ESP"]
[SourceTitle "Ajedrez en Madrid"]
[Source "lmi"]
[SourceDate "2018.03.24"]
[SourceVersion "1"]
[SourceVersionDate "2018.04.01"]
[SourceQuality "1"]

1. e4 c5 2. c3 d6 3. d4 Nf6 4. Bd3 Nc6 5. d5 Nb8 6. c4 g6 7. Nc3 Bg7 8. f4 e6
9. dxe6 fxe6 10. Nf3 O-O 11. O-O Nc6 12. Bc2 Nh5 13. Ne2 e5 14. f5 gxf5 15.
exf5 Nf6 16. Ng5 Qe7 17. Ne4 Nd4 18. Nxd4 cxd4 19. g4 Nxe4 20. Bxe4 Qh4 21. Qf3
h6 22. Bd2 Kh8 23. Be1 Qe7 24. Qh3 Bd7 25. Bd2 Bc6 26. Rae1 Bxe4 27. Rxe4 Kg8
28. Bxh6 Bxh6 29. Qxh6 Qf6 30. Qd2 Qh4 31. Qg2 Qh7 32. Qf3 Rac8 33. g5 Rxc4 34.
g6 Qh6 35. f6 Qxg6+ 36. Rg4 Rxf6 37. Rxg6+ Rxg6+ 38. Kh1 Rc7 39. h4 Rcg7 40.
Kh2 Kh7 41. Qe4 Kh6 42. Rf8 Rg8 43. Rxg8 Rxg8 44. Qxb7 Rg4 45. Kh3 Rg6 46. Qxa7
1-0

[Event "Open Ciudad de San Sebastián 2018"]
[Site "San Sebastian ESP"]
[Date "2018.03.27"]
[Round "5.3"]
[White "Aguero Jimenez, Luis Lazaro"]
[Black "Corral Sierra, Javier"]
[Result "1-0"]
[WhiteElo "2463"]
[BlackElo "2040"]
[PlyCount "73"]
[EventDate "2018.03.24"]
[EventType "swiss"]
[EventRounds "9"]
[EventCountry "ESP"]
[SourceTitle "Ajedrez en Madrid"]
[Source "lmi"]
[SourceDate "2018.03.24"]
[SourceVersion "1"]
[SourceVersionDate "2018.04.01"]
[SourceQuality "1"]

1. Nf3 c5 2. c4 Nf6 3. g3 b6 4. Bg2 Bb7 5. O-O g6 6. Nc3 Bg7 7. d4 cxd4 8. Qxd4
O-O 9. Qh4 d6 10. Bh6 Nbd7 11. Rfd1 Rc8 12. b3 Rc5 13. Ng5 Bxg2 14. Kxg2 Nh5
15. Bxg7 Kxg7 16. Nge4 Re5 17. Nd5 b5 18. Nec3 bxc4 19. Qxc4 Nb6 20. Qd4 Nxd5
21. Nxd5 Kg8 22. Rd2 Qa8 23. Kg1 Rc8 24. Rad1 Qb7 25. b4 Ng7 26. Qd3 Ne8 27. f4
Re6 28. Qf3 Kg7 29. Kg2 Rc4 30. Rd4 Rc2 31. R1d2 Rxd2 32. Rxd2 Nc7 33. Qc3+ Kh6
34. Qxc7 Rxe2+ 35. Rxe2 Qxd5+ 36. Kf2 Qd4+ 37. Ke1 1-0

[Event "Open Ciudad de San Sebastián 2018"]
[Site "San Sebastian ESP"]
[Date "2018.03.27"]
[Round "5.4"]
[White "Iruzubieta Villaluenga, Jesus M"]
[Black "Sielecki, Christof"]
[Result "1/2-1/2"]
[WhiteElo "2426"]
[BlackElo "2435"]
[PlyCount "114"]
[EventDate "2018.03.24"]
[EventType "swiss"]
[EventRounds "9"]
[EventCountry "ESP"]
[SourceTitle "Ajedrez en Madrid"]
[Source "lmi"]
[SourceDate "2018.03.24"]
[SourceVersion "1"]
[SourceVersionDate "2018.04.01"]
[SourceQuality "1"]

1. e4 d6 2. Nc3 Nf6 3. d4 e5 4. Nge2 Be7 5. g3 Nbd7 6. Bg2 O-O 7. O-O c6 8. h3
b5 9. a3 Re8 10. Be3 Bf8 11. Qd2 Bb7 12. g4 exd4 13. Nxd4 c5 14. Ndxb5 Nb6 15.
Bf4 Nxe4 16. Nxe4 Bxe4 17. Nxd6 Bxg2 18. Kxg2 Bxd6 19. Qxd6 Qc8 20. Rfe1 Rd8
21. Qc7 Nd5 22. Qxc8 Nxf4+ 23. Kf3 Raxc8 24. Kxf4 Rd2 25. f3 Rxc2 26. Rac1 g5+
27. Kxg5 Rxb2 28. Rc3 Rc6 29. Re4 Kg7 30. Rec4 Ra2 31. h4 Ra6 32. Rxc5 R2xa3
33. Rxa3 Rxa3 34. f4 Ra6 35. f5 Rb6 36. Rc8 h6+ 37. Kh5 Rb5 38. Ra8 a5 39. Ra6
Rb8 40. Rxa5 Rb7 41. f6+ Kh7 42. Rf5 Rb6 43. Rf1 Rb2 44. Re1 Rf2 45. g5 hxg5
46. hxg5 Rh2+ 47. Kg4 Kg6 48. Re8 Rg2+ 49. Kf4 Rf2+ 50. Kg3 Rf5 51. Rg8+ Kh5
52. Rg7 Rxg5+ 53. Kf4 Ra5 54. Rxf7 Kg6 55. Rf8 Rf5+ 56. Ke3 Rxf6 57. Rxf6+ Kxf6
1/2-1/2

[Event "Open Ciudad de San Sebastián 2018"]
[Site "San Sebastian ESP"]
[Date "2018.03.27"]
[Round "5.5"]
[White "Vazquez Igarza, Renier"]
[Black "Pulvett Marin, Daniel"]
[Result "1/2-1/2"]
[WhiteElo "2559"]
[BlackElo "2459"]
[PlyCount "94"]
[EventDate "2018.03.24"]
[EventType "swiss"]
[EventRounds "9"]
[EventCountry "ESP"]
[SourceTitle "Ajedrez en Madrid"]
[Source "lmi"]
[SourceDate "2018.03.24"]
[SourceVersion "1"]
[SourceVersionDate "2018.04.01"]
[SourceQuality "1"]

1. Nf3 Nf6 2. c4 g6 3. Nc3 Bg7 4. e4 d6 5. d4 O-O 6. Be2 e5 7. d5 a5 8. Bg5 h6
9. Bh4 Na6 10. Nd2 Nc5 11. O-O Bd7 12. Kh1 Qe8 13. Qc2 g5 14. Bg3 h5 15. f3 h4
16. Bf2 Nh5 17. Nb3 b6 18. Nxc5 dxc5 19. Bd3 Kh8 20. Nd1 Rg8 21. Ne3 Bf8 22.
Rae1 Bd6 23. Qd1 Qf8 24. Bc2 b5 25. cxb5 Bxb5 26. Bd3 Bd7 27. a4 Rb8 28. Bb5
Bxb5 29. axb5 Rxb5 30. Qc2 Qb8 31. Nc4 Rb4 32. Rc1 a4 33. Be1 Rb3 34. Bc3 f6
35. Qd1 Qb5 36. Ne3 Nf4 37. Ra1 Qe2 38. Re1 Qxd1 39. Rexd1 Ne2 40. Rxa4 Nxc3
41. bxc3 Rxc3 42. Nf5 Rb8 43. h3 Rb2 44. Ra6 Rcc2 45. Rg1 c4 46. Nxd6 cxd6 47.
Rxd6 Kg7 1/2-1/2

[Event "Open Ciudad de San Sebastián 2018"]
[Site "San Sebastian ESP"]
[Date "2018.03.27"]
[Round "5.6"]
[White "Del Rio De Angelis, Salvador G"]
[Black "Gorny, Michael"]
[Result "1/2-1/2"]
[WhiteElo "2535"]
[BlackElo "1989"]
[PlyCount "83"]
[EventDate "2018.03.24"]
[EventType "swiss"]
[EventRounds "9"]
[EventCountry "ESP"]
[SourceTitle "Ajedrez en Madrid"]
[Source "lmi"]
[SourceDate "2018.03.24"]
[SourceVersion "1"]
[SourceVersionDate "2018.04.01"]
[SourceQuality "1"]

1. d4 f5 2. c4 Nf6 3. Nc3 d6 4. Nf3 g6 5. g3 Bg7 6. Bg2 O-O 7. O-O Nc6 8. d5
Ne5 9. Qb3 Nxf3+ 10. exf3 e5 11. dxe6 Bxe6 12. f4 Rb8 13. a4 a5 14. Be3 b6 15.
h3 Qd7 16. Rac1 Kh8 17. Rfd1 Qf7 18. Nb5 Ne4 19. Qc2 Rbe8 20. Kh2 Nc5 21. Nd4
Bc8 22. Bd5 Qe7 23. b3 Bf6 24. Bg2 Qg7 25. Rb1 Bb7 26. Bxb7 Nxb7 27. b4 axb4
28. Nc6 Re4 29. Nxb4 Qf7 30. Nd5 Bg7 31. f3 Re6 32. Bf2 Rfe8 33. Re1 Rxe1 34.
Rxe1 Rxe1 35. Bxe1 Nc5 36. Bf2 Qd7 37. Bxc5 dxc5 38. Qe2 Kg8 39. h4 Kf7 40. Qe1
Bd4 41. Kg2 h5 42. Qe2 1/2-1/2

[Event "Open Ciudad de San Sebastián 2018"]
[Site "San Sebastian ESP"]
[Date "2018.03.27"]
[Round "5.7"]
[White "Hernandez Sanchez, Elvis De La C"]
[Black "Cinza Lopez, Javier"]
[Result "0-1"]
[WhiteElo "2261"]
[BlackElo "1976"]
[PlyCount "142"]
[EventDate "2018.03.24"]
[EventType "swiss"]
[EventRounds "9"]
[EventCountry "ESP"]
[SourceTitle "Ajedrez en Madrid"]
[Source "lmi"]
[SourceDate "2018.03.24"]
[SourceVersion "1"]
[SourceVersionDate "2018.04.01"]
[SourceQuality "1"]

1. e4 d5 2. exd5 Qxd5 3. Nc3 Qd8 4. Nf3 Nf6 5. Bc4 c6 6. Ne5 e6 7. Qe2 Be7 8.
O-O O-O 9. Re1 Nbd7 10. d4 Nb6 11. Be3 Nxc4 12. Qxc4 Nd5 13. Rad1 Qa5 14. Ne4
Nxe3 15. Rxe3 Qd5 16. Qb3 Qxb3 17. Rxb3 Rd8 18. Rdd3 f6 19. Nf3 b6 20. Re3 Ba6
21. Ned2 Kf7 22. Re1 c5 23. dxc5 Bxc5 24. Ne4 Bf8 25. Rbe3 e5 26. h3 Rac8 27.
c3 h6 28. g4 Rd3 29. Rxd3 Bxd3 30. Ng3 Bc2 31. Rc1 Ba4 32. Kf1 Bb5+ 33. Ke1 Rd8
34. Rd1 Rxd1+ 35. Kxd1 Bc6 36. Ke2 Bd5 37. b3 b5 38. Nd2 g6 39. f3 Ke6 40. c4
bxc4 41. Nxc4 Bc6 42. Ne3 Bb5+ 43. Nc4 f5 44. Kd3 Be7 45. Nf1 Bg5 46. Ng3 Bh4
47. gxf5+ gxf5 48. Nf1 Bc6 49. Ke2 e4 50. f4 Bd8 51. a4 Bc7 52. Ke3 Kd5 53. Ng3
Bd7 54. Ne2 Kc5 55. Nd4 Bxf4+ 56. Kxf4 Kxd4 57. Ne5 Be6 58. Nc6+ Kd3 59. Ne5+
Kc3 60. Ke3 Bxb3 61. a5 Bd5 62. Ng6 Kb4 63. Ne7 Be6 64. Nc6+ Ka4 65. a6 Bc8 66.
Kd4 Bxa6 67. Ne7 Bf1 68. Nxf5 Bxh3 69. Ne3 Kb3 70. Kxe4 a5 71. Kd4 Be6 0-1

[Event "Open Ciudad de San Sebastián 2018"]
[Site "San Sebastian ESP"]
[Date "2018.03.27"]
[Round "5.8"]
[White "Abalia Patino, Aritz"]
[Black "Prieto Aranguren, Alain"]
[Result "0-1"]
[WhiteElo "2106"]
[BlackElo "2261"]
[PlyCount "132"]
[EventDate "2018.03.24"]
[EventType "swiss"]
[EventRounds "9"]
[EventCountry "ESP"]
[SourceTitle "Ajedrez en Madrid"]
[Source "lmi"]
[SourceDate "2018.03.24"]
[SourceVersion "1"]
[SourceVersionDate "2018.04.01"]
[SourceQuality "1"]

1. Nf3 Nf6 2. d4 g6 3. g3 Bg7 4. Bg2 O-O 5. O-O d6 6. a4 a5 7. Re1 Nfd7 8. e4
e5 9. Bg5 f6 10. Be3 Qe7 11. Nc3 c6 12. dxe5 dxe5 13. Qd2 Na6 14. Red1 Nb4 15.
Ne2 Nc5 16. Qc3 Ne6 17. Qb3 Kh8 18. c3 Na6 19. Nd2 f5 20. exf5 gxf5 21. f4 Nec5
22. Qa3 exf4 23. Bxc5 Nxc5 24. Nxf4 Qe3+ 25. Kh1 Nd3 26. Nxd3 Qxd3 27. Qe7 f4
28. Ne4 Qc2 29. Rd2 Qb3 30. Nc5 Qg8 31. gxf4 Rxf4 32. Rg1 Rf7 33. Qd6 Bf5 34.
Be4 Qc8 35. Rdg2 Bxe4 36. Nxe4 Qf5 37. Ng5 Rd7 38. Qg3 h6 39. Qf3 Qxf3 40. Nxf3
Rf8 41. Rg3 Rf4 42. Re1 Rxa4 43. Re2 Rf4 44. Kg2 Kh7 45. Nd2 a4 46. Ne4 Bf8 47.
Rf3 Rxf3 48. Kxf3 Kg6 49. Ng3 Rf7+ 50. Kg4 Re7 51. Rd2 Re6 52. Rd7 b5 53. Nh5
Re4+ 54. Kf3 Rc4 55. Nf4+ Kf6 56. Rd8 Be7 57. Rh8 Kg7 58. Re8 Bd6 59. Ne2 Bxh2
60. Re6 h5 61. Nd4 a3 62. bxa3 Rxc3+ 63. Kg2 c5 64. Nxb5 Rc2+ 65. Kh3 Bf4 66.
Re7+ Kf8 0-1

[Event "Open Ciudad de San Sebastián 2018"]
[Site "San Sebastian ESP"]
[Date "2018.03.27"]
[Round "5.9"]
[White "Garcia Martinez, Marcos"]
[Black "Urriza Iricibar, Pablo"]
[Result "0-1"]
[WhiteElo "2100"]
[BlackElo "2232"]
[PlyCount "62"]
[EventDate "2018.03.24"]
[EventType "swiss"]
[EventRounds "9"]
[EventCountry "ESP"]
[SourceTitle "Ajedrez en Madrid"]
[Source "lmi"]
[SourceDate "2018.03.24"]
[SourceVersion "1"]
[SourceVersionDate "2018.04.01"]
[SourceQuality "1"]

1. d4 Nf6 2. g3 c5 3. d5 b5 4. Bg2 d6 5. e4 Bb7 6. Ne2 g6 7. O-O Bg7 8. a4 b4
9. c4 bxc3 10. Nexc3 O-O 11. Na3 Na6 12. Bf4 Nb4 13. Qd2 Re8 14. Bh6 Bh8 15. h3
Ba6 16. Nab5 Nd7 17. f4 Rb8 18. Kh2 Nb6 19. b3 c4 20. Rfb1 Bxb5 21. axb5 Qc7
22. Bf1 cxb3 23. Rxb3 Rec8 24. Raa3 Nc4 25. Bxc4 Qxc4 26. Nd1 Nc2 27. Rc3 Bxc3
28. Rxc3 Qxe4 29. Nf2 Qa4 30. Ng4 Nd4 31. h4 Nf3+ 0-1

[Event "Open Ciudad de San Sebastián 2018"]
[Site "San Sebastian ESP"]
[Date "2018.03.27"]
[Round "5.10"]
[White "Viñal Gutierrez, Pedro"]
[Black "Pena Duarte, Fabian Dario"]
[Result "1/2-1/2"]
[WhiteElo "2056"]
[BlackElo "2207"]
[PlyCount "86"]
[EventDate "2018.03.24"]
[EventType "swiss"]
[EventRounds "9"]
[EventCountry "ESP"]
[SourceTitle "Ajedrez en Madrid"]
[Source "lmi"]
[SourceDate "2018.03.24"]
[SourceVersion "1"]
[SourceVersionDate "2018.04.01"]
[SourceQuality "1"]

1. d4 Nf6 2. Bf4 d6 3. e3 g6 4. h3 Bg7 5. Nf3 O-O 6. Be2 b6 7. O-O Bb7 8. c4
Nbd7 9. Nc3 e6 10. Qc2 Qe7 11. Bh2 e5 12. b4 h5 13. a4 a5 14. bxa5 Rxa5 15. Nb5
Ne8 16. dxe5 dxe5 17. Rfd1 Nc5 18. Nc3 Nd6 19. Nd5 Bxd5 20. Rxd5 c6 21. Rxe5
Bxe5 22. Nxe5 Qf6 23. Rd1 Rfa8 24. Nf3 Nce4 25. Rd4 Rxa4 26. Be5 Ra1+ 27. Bf1
Qf5 28. Rd1 Rxd1 29. Qxd1 Rd8 30. Bb2 Nxf2 31. Qd4 f6 32. Qxb6 Nxh3+ 33. gxh3
Nf7 34. Qxc6 Rd1 35. Qxf6 Qxf6 36. Bxf6 Nd6 37. c5 Ne4 38. Bd4 Rc1 39. Kg2 Rc2+
40. Kg1 Rc1 41. Kg2 Rc2+ 42. Kg1 Rc1 43. Kg2 Rc2+ 1/2-1/2

[Event "Open Ciudad de San Sebastián 2018"]
[Site "San Sebastian ESP"]
[Date "2018.03.27"]
[Round "5.11"]
[White "Moreno Estebanez, Patxi"]
[Black "Jordana Vargas, Julio"]
[Result "1-0"]
[WhiteElo "2190"]
[BlackElo "1966"]
[PlyCount "87"]
[EventDate "2018.03.24"]
[EventType "swiss"]
[EventRounds "9"]
[EventCountry "ESP"]
[SourceTitle "Ajedrez en Madrid"]
[Source "lmi"]
[SourceDate "2018.03.24"]
[SourceVersion "1"]
[SourceVersionDate "2018.04.01"]
[SourceQuality "1"]

1. Nf3 Nf6 2. g3 g6 3. Bg2 Bg7 4. O-O O-O 5. d3 d5 6. Nbd2 c5 7. e4 Nc6 8. c3
dxe4 9. dxe4 Qc7 10. Re1 e5 11. Qc2 h6 12. a4 Be6 13. b3 Na5 14. Ba3 Nd7 15.
Rac1 Rfd8 16. Qb1 Rac8 17. b4 Nc4 18. Nxc4 Bxc4 19. Nd2 Be6 20. Nf1 b6 21. Ne3
Nf6 22. Red1 Bf8 23. b5 Rxd1+ 24. Rxd1 Rd8 25. c4 Ne8 26. Bb2 Rxd1+ 27. Qxd1 f6
28. Qf1 Qd7 29. Bc3 Ng7 30. f4 Bd6 31. f5 gxf5 32. exf5 Nxf5 33. Nxf5 Bxf5 34.
g4 Bxg4 35. Qxf6 Be6 36. Qg6+ Kf8 37. Bd2 Qf7 38. Bxh6+ Ke7 39. Bg5+ Kd7 40.
Qe4 Bc7 41. Qc6+ Kc8 42. Qa8+ Kd7 43. Bc6+ Kd6 44. Be8 1-0

[Event "Open Ciudad de San Sebastián 2018"]
[Site "San Sebastian ESP"]
[Date "2018.03.27"]
[Round "5.12"]
[White "Habans Aguerrea, Javier"]
[Black "Alfaro Garcia Del Cerro, Juan L"]
[Result "1-0"]
[WhiteElo "1930"]
[BlackElo "2176"]
[PlyCount "111"]
[EventDate "2018.03.24"]
[EventType "swiss"]
[EventRounds "9"]
[EventCountry "ESP"]
[SourceTitle "Ajedrez en Madrid"]
[Source "lmi"]
[SourceDate "2018.03.24"]
[SourceVersion "1"]
[SourceVersionDate "2018.04.01"]
[SourceQuality "1"]

1. d4 Nf6 2. Bg5 d5 3. e3 c5 4. Nd2 cxd4 5. exd4 Nc6 6. c3 Qb6 7. Qb3 e6 8.
Qxb6 axb6 9. Ngf3 Bd6 10. Bd3 Bd7 11. O-O O-O 12. Rfe1 Rfc8 13. Ne5 Be8 14. f4
Nd7 15. Bh4 Ne7 16. Bxe7 Bxe7 17. Ndf3 g6 18. Nxd7 Bxd7 19. Ne5 Be8 20. g4 f6
21. Nf3 Kf7 22. Rf1 Bd6 23. Ne1 Ra5 24. Ng2 Bb5 25. Rf3 Bxd3 26. Rxd3 b5 27. f5
exf5 28. gxf5 Rc7 29. fxg6+ hxg6 30. Ne3 b4 31. cxb4 Bxb4 32. a3 Bd6 33. Rf1 f5
34. b4 Ra8 35. Nxd5 Rc2 36. Rf2 Rxf2 37. Kxf2 Bxh2 38. Nb6 Ra6 39. Nc4 b5 40.
Na5 Bc7 41. Nb7 Rb6 42. Nc5 g5 43. d5 Rh6 44. Ne6 Bb6+ 45. Kg2 g4 46. Rc3 Ke7
47. Rc6 Be3 48. Nd4 Rh5 49. Re6+ Kd7 50. Rxe3 f4 51. Re4 f3+ 52. Kg3 Rg5 53.
Nxb5 Rf5 54. Re1 Rxd5 55. Nc3 Rd3 56. Rd1 1-0

[Event "Open Ciudad de San Sebastián 2018"]
[Site "San Sebastian ESP"]
[Date "2018.03.28"]
[Round "6.1"]
[White "Martinez Duany, Lelys Stanley"]
[Black "Aguero Jimenez, Luis Lazaro"]
[Result "1-0"]
[WhiteElo "2499"]
[BlackElo "2463"]
[PlyCount "129"]
[EventDate "2018.03.24"]
[EventType "swiss"]
[EventRounds "9"]
[EventCountry "ESP"]
[SourceTitle "Ajedrez en Madrid"]
[Source "lmi"]
[SourceDate "2018.03.24"]
[SourceVersion "1"]
[SourceVersionDate "2018.04.01"]
[SourceQuality "1"]

1. Nf3 d5 2. b3 Nf6 3. Bb2 e6 4. g3 Be7 5. Bg2 O-O 6. O-O c5 7. c4 d4 8. b4 a5
9. b5 Nbd7 10. e3 e5 11. exd4 cxd4 12. Re1 Qc7 13. d3 Bb4 14. Re2 Re8 15. Na3
Bf8 16. Rb1 Nb6 17. Rc1 Bc5 18. Nb1 Bf5 19. Nh4 Bg4 20. Bf3 e4 21. dxe4 Rad8
22. Nd2 Bxf3 23. Nhxf3 d3 24. Re1 Ng4 25. Rf1 f5 26. e5 Nd7 27. Qb3 Ndxe5 28.
Nxe5 Nxe5 29. Rce1 a4 30. Qc3 Bd4 31. Qb4 Bxb2 32. Qxb2 Qc5 33. Qc3 Rd4 34. Re3
Red8 35. Rfe1 Ng4 36. Rf3 Nf6 37. Rd1 Ne4 38. Qb2 Ng5 39. Re3 f4 40. gxf4 Rxf4
41. Qe5 Nh3+ 42. Kg2 Qxe5 43. Rxe5 Nxf2 44. Rf1 Rdf8 45. Re3 Ng4 46. Rxd3 Rxf1
47. Nxf1 Rf2+ 48. Kg3 Rxf1 49. Kxg4 Rc1 50. Kf5 Rxc4 51. Rd8+ Kf7 52. Rd7+ Ke8
53. Rxb7 Kd8 54. b6 Kc8 55. Rxg7 Rh4 56. Ke5 Rxh2 57. Kd6 Rh6+ 58. Kc5 a3 59.
Kb5 Rh4 60. Ra7 Rh3 61. Ka6 Rh6 62. Rc7+ Kd8 63. Rc3 Kd7 64. Ka7 Rh4 65. Rxa3
1-0

[Event "Open Ciudad de San Sebastián 2018"]
[Site "San Sebastian ESP"]
[Date "2018.03.28"]
[Round "6.2"]
[White "Urriza Iricibar, Pablo"]
[Black "Vazquez Igarza, Renier"]
[Result "0-1"]
[WhiteElo "2232"]
[BlackElo "2559"]
[PlyCount "44"]
[EventDate "2018.03.24"]
[EventType "swiss"]
[EventRounds "9"]
[EventCountry "ESP"]
[SourceTitle "Ajedrez en Madrid"]
[Source "lmi"]
[SourceDate "2018.03.24"]
[SourceVersion "1"]
[SourceVersionDate "2018.04.01"]
[SourceQuality "1"]

1. e4 c6 2. d4 d5 3. e5 Bf5 4. h4 h6 5. g4 Bd7 6. f4 h5 7. f5 e6 8. fxe6 Bxe6
9. gxh5 c5 10. c3 Nc6 11. Be3 Nh6 12. Qb3 cxd4 13. cxd4 Bb4+ 14. Nd2 Nf5 15.
Ngf3 Qb6 16. O-O-O Rc8 17. Kb1 Na5 18. Qd3 Nc4 19. Bf2 Ne7 20. Bh3 Nxb2 21. Qb3
Nxd1 22. Bxe6 Nc3+ 0-1

[Event "Open Ciudad de San Sebastián 2018"]
[Site "San Sebastian ESP"]
[Date "2018.03.28"]
[Round "6.3"]
[White "Sielecki, Christof"]
[Black "Moreno Estebanez, Patxi"]
[Result "1-0"]
[WhiteElo "2435"]
[BlackElo "2190"]
[PlyCount "81"]
[EventDate "2018.03.24"]
[EventType "swiss"]
[EventRounds "9"]
[EventCountry "ESP"]
[SourceTitle "Ajedrez en Madrid"]
[Source "lmi"]
[SourceDate "2018.03.24"]
[SourceVersion "1"]
[SourceVersionDate "2018.04.01"]
[SourceQuality "1"]

1. e4 c5 2. Nf3 g6 3. c4 Bg7 4. d4 cxd4 5. Nxd4 Nc6 6. Be3 Nf6 7. Nc3 O-O 8.
Be2 d6 9. O-O Bd7 10. Nc2 a5 11. f4 a4 12. c5 a3 13. Nxa3 Ng4 14. Bxg4 Bxg4 15.
Qxg4 Bxc3 16. Nc4 Bg7 17. Rfd1 Ra4 18. Qe2 Qa8 19. cxd6 exd6 20. a3 Qa6 21.
Rac1 Bxb2 22. Qxb2 Rxc4 23. f5 Ne5 24. Bh6 Rfc8 25. Rxc4 Qxc4 26. Qd4 Qxd4+ 27.
Rxd4 Ng4 28. Bf4 Rc3 29. h3 Ne5 30. Rxd6 Nc6 31. f6 Rxa3 32. e5 Ra8 33. e6 fxe6
34. Rd7 Rf8 35. Rg7+ Kh8 36. Rxb7 Rxf6 37. Bh6 Kg8 38. Rg7+ Kf8 39. Rc7+ Ke8
40. Rxc6 Kd7 41. Ra6 1-0